01015nam a2200241 a 450000500170000000800410001704000270005804100080008504400070009308200170010011101100011724501200022726000660034730000500041365000390046365000170050265000230051965000090054265000190055194200150057099900150058595201730060020160217102759.0140306b2001 ck a gq|||| 00| 0 spa d aCO-BoIAVH cCO-BoIAVH  aspa ack04a363.61bS47s2 aSeminario Internacional de Regulación de Agua Potable y Saneamiento BasicocBogotádmarzo 15-16, 20011 aSeminario internacional de regulación en agua potable y saneamiento básicobmemorias y lecturas complementarias aBogotábMinisterio de Desarrollo EconómicobANDESCOc2001 a771 paginas. :bilustraciones. ;c24 x 17 cm. 4aServicios públicos domiciliarios 6aAgua potable 4aManejo de desechos 4aAseo 4aAlcantarillado cLIBRO2ddc c2784d2784 00102ddc40708GENERALIINV2017aBogotabBogotad2002-06-26eInstitutog39000.00l0oLB-363.61 S47sp003266r2012-12-04 00:00:00tEj. 1w2012-12-04xDonaciónyLIBRO